|
|
|
|
| LEADER |
00730nab a2200205 i 4500 |
| 001 |
acta35275 |
| 005 |
20260514133918.0 |
| 008 |
161017s2015 hu o 000 eng d |
| 022 |
|
|
|a 1588-385X
|
| 040 |
|
|
|a SZTE Egyetemi Kiadványok Repozitórium
|b hun
|
| 041 |
|
|
|a eng
|
| 100 |
1 |
|
|a Tölgyesi Csaba
|
| 245 |
1 |
0 |
|a Characterizing the dynamics of stationary vegetation boundaries
|h [elektronikus dokumentum] /
|c Tölgyesi Csaba
|
| 260 |
|
|
|a University of Szeged
|b Szeged
|c 2015
|
| 300 |
|
|
|a 99
|
| 490 |
0 |
|
|a Acta biologica Szegediensis
|v 59 No. 1
|
| 650 |
|
4 |
|a Természettudományok
|
| 650 |
|
4 |
|a Biológiai tudományok
|
| 695 |
|
|
|a Ökológia
|
| 856 |
4 |
0 |
|u http://acta.bibl.u-szeged.hu/35275/1/biologica_059_numb_001_099.pdf
|z Dokumentum-elérés
|